Drug calculations: process and problems for clinical practice. / (Record no. 9510)

MARC details
000 -LEADER
fixed length control field 01448cam a22003014a 4500
001 - CONTROL NUMBER
control field 14815963
003 - CONTROL NUMBER IDENTIFIER
control field OSt
005 - DATE AND TIME OF LATEST TRANSACTION
control field 20230414153436.0
008 - FIXED-LENGTH DATA ELEMENTS--GENERAL INFORMATION
fixed length control field 070420s2008 moua 001 0 eng
010 ## - LIBRARY OF CONGRESS CONTROL NUMBER
LC control number 2007927351
020 ## - INTERNATIONAL STANDARD BOOK NUMBER
International Standard Book Number 9780323045766 (pbk. : alk. paper)
040 ## - CATALOGING SOURCE
Original cataloging agency DLC
Transcribing agency LC
Modifying agency DLC
050 00 - LIBRARY OF CONGRESS CALL NUMBER
Classification number RS57.B87
082 00 - DEWEY DECIMAL CLASSIFICATION NUMBER
Classification number 615/.1401513043
Edition number 22
100 1# - MAIN ENTRY--PERSONAL NAME
Personal name Brown, Meta
9 (RLIN) 1206
245 10 - TITLE STATEMENT
Title Drug calculations: process and problems for clinical practice. /
Statement of responsibility, etc. Meta Brown, Joyce M. Mulholland.
250 ## - EDITION STATEMENT
Edition statement 8th ed.
260 ## - PUBLICATION, DISTRIBUTION, ETC.
Place of publication, distribution, etc. St. Louis, Mo. :
Name of publisher, distributor, etc. Mosby/Elsevier,
Date of publication, distribution, etc. 2008.
300 ## - PHYSICAL DESCRIPTION
Extent xxiii, 480 p. :
Other physical details col. ill. ;
Dimensions 28 cm. +
Accompanying material 1 CD-ROM (4 3/4 in.)
500 ## - GENERAL NOTE
General note Includes index.
505 ## - FORMATTED CONTENTS NOTE
Formatted contents note Contents: General mathematics -- Ratio and proportion -- Safe medication administration -- Drug measurements and dose calculations -- Medications from powders and crystals: oral and intramuscular -- Basic intravenous calculations -- Advanced intravenous calculations -- Parenteral nutrition -- Insulin -- Anticoagulants -- Children's dosages -- Dimensional analysis --
650 #0 - SUBJECT ADDED ENTRY--TOPICAL TERM
Topical term or geographic name entry element Pharmaceutical arithmetic
Form subdivision Problems, exercises, etc.
9 (RLIN) 1207
650 #0 - SUBJECT ADDED ENTRY--TOPICAL TERM
Topical term or geographic name entry element Pharmaceutical arithmetic
Form subdivision Problems, exercises, etc.
-- Software.
9 (RLIN) 1208
700 1# - ADDED ENTRY--PERSONAL NAME
Personal name Mulholland, Joyce M.
9 (RLIN) 1209
906 ## - LOCAL DATA ELEMENT F, LDF (RLIN)
a 7
b cbc
c orignew
d 2
e epcn
f 20
g y-gencatlg
942 ## - ADDED ENTRY ELEMENTS (KOHA)
Source of classification or shelving scheme Library of Congress Classification
Koha item type Books
Holdings
Withdrawn status Lost status Source of classification or shelving scheme Damaged status Not for loan Home library Current library Shelving location Date acquired Total Checkouts Full call number Barcode Date last seen Price effective from Koha item type
    Library of Congress Classification     WISCONSIN INTERNATIONAL UNIVERSITY COLLEGE, GHANA KUMASI LIBRARY WISCONSIN INTERNATIONAL UNIVERSITY COLLEGE, GHANA KUMASI LIBRARY nursing 09/02/2023   RS57.B87(8e) KSN/1192/139/23 14/04/2023 14/04/2023 Books

If you have any concerns or questions; kindly contact the library


© Powered by WIUC ICT DIRECTORATE